Хумор и сатира (Запис номер 209476)
[ съкратено ]
| 000 -Лидер | |
|---|---|
| Контролно поле с фиксирана дължина | nkm a22 a 4500 |
| 003 - Код на организацията, давaща контролен номер | |
| Контролно поле | BLK |
| 005 - Дата и час на последна редакция | |
| Контролно поле | 20210216095733.0 |
| 008 - Елементи от данни с фиксирана дължина | |
| fixed length control field | 180412b bul rap|r|||| r0| ||bulo| |
| 010 ## - Наследен системен номер | |
| LC control number | KNG00132525000 |
| 040 ## - Източник на каталожния запис | |
| Идентификатор на билиотеката - собственик на записа | BLK |
| 041 ## - Код за език | |
| Код за езика на текст/звукозапис или на отделно заглавие | Български |
| Код за езика КДБФ | Български |
| 080 ## - УДК | |
| Текстов определител УДК | Карикатура. Комикс |
| УДК код - определител по УДК | 741.5 |
| УДК определител | (489)(084) |
| УДК - код + определител | 741.5(489)(084) |
| 100 1# - Редна дума - Автор | |
| Автор | Бидструп, Херлуф |
| Авторска отговорност | първи автор |
| R(LIN) | 38952 |
| 139 ## - Редно поле | |
| Редна дума | Бидструп, Херлуф |
| Авторски знак | Би - Б 44 |
| 245 10 - Сведения за заглавието | |
| Заглавие | Хумор и сатира |
| Редно поле (дума) | Херлуф Бидструп ; Прев. |
| 257 ## - Страна на издаване | |
| Страна на създаване/издаване | България |
| 260 ## - Област на издателските данни | |
| Място на издаване, разпространение и проч. | Копенхаген |
| Име на издателя, разпространителя и проч. | Тиден |
| Година на издаване | 1963 |
| Печатница | Отпеч. в Дания |
| 300 ## - Физическа характеристика | |
| Страници | 60 с. |
| Илюстрации и др. | с ил. |
| Размери/Мащаб | 26 см |
| 380 ## - Жанр | |
| Жанр | Изкуство |
| 650 #0 - Допълнително описание по предмет – тема | |
| Основно описание – тема или топоним | Карикатура - албуми |
| 9 (RLIN) | 322226 |
| 650 #4 - Допълнително описание по предмет – тема | |
| Основно описание – тема или топоним | Графика |
| 9 (RLIN) | 152559 |
| 651 #4 - Допълнително описание по предмет - топоним | |
| Географско понятие | Дания |
| 9 (RLIN) | 178803 |
| 653 ## - Ключова дума – ненормативна | |
| Ключова дума | хумор |
| 653 ## - Ключова дума – ненормативна | |
| Ключова дума | сатира |
| 653 ## - Ключова дума – ненормативна | |
| Ключова дума | графика |
| 852 ## - Местоположение | |
| Форматна сигнатура | Цб ІІ 26236 |
| Фондова буква | Хранилище |
| 999 ## - СИСТЕМНИ КОНТРОЛНИ НОМЕРА | |
| Koha biblionumber | 209476 |
| Koha biblioitemnumber | 209476 |
| 942 ## - АРТИКУЛИ | |
| Вид на библиотечния материал | Графични издания |
| Скрит в OPAC | Не |
| Периодичен библиозапис | Да |
| 944 ## - СЪЗДАВАНЕ И РЕДАКЦИЯ на ЗАПИСА | |
| Създаване/Редакция | Създаване |
| Дата на регистрацията/редакция | 25.07.2012 |
| Служител, извършил регистрацията/редакцията | Грета_Цуфелде |
| 944 ## - СЪЗДАВАНЕ И РЕДАКЦИЯ на ЗАПИСА | |
| Създаване/Редакция | Редакция |
| Дата на регистрацията/редакция | 2021-02-16 |
| Служител, извършил регистрацията/редакцията | ГГГ |
| 999 ## - СИСТЕМНИ КОНТРОЛНИ НОМЕРА | |
| Koha biblioitemnumber | 209476 |
| Код за отписване | Код за изгубен артикул | Източник на класификационната схема | Код за повреда | Коз за рестрикции | Код за отдаване | Артикулен № | Име на библиотеката - собственик | Име на библиотеката, в която се намира в момента | Статус (Текущо местоположение) | Дата на вписване в системата | Местоположение - отдел | Цена в лева | Инвентарен номер | Систематично азбучна сигнатура | Баркод | Номер на екземпляра | Цена в евро | Служебна бележка | Служебен тип на артикула |
|---|---|---|---|---|---|---|---|---|---|---|---|---|---|---|---|---|---|---|---|
| Не е изгубен | Universal Decimal Classification | Не е повреден | само за читалня | ползва се в читалня | 360769 | Регионална библиотека "Любен Каравелов" Русе | Регионална библиотека "Любен Каравелов" Русе | Хранилище | 1963-01-01 | Основен фонд - ползва се само за читалня | 0.86 | 6808/63 | Цб ІІ 26236 | 900000038576 | 1 | 0.44 | N: стар фонд Дата: 01.01.1963 | Графични издания |